Riadenie a ekonomika kúpeľnej organizácie Bardejov v podmienkach trhovej ekonomiky záverečná práca postgraduálneho štúdia
Uložené v:
| Hlavný autor: | |
|---|---|
| Korporativný autor: | |
| Ďalší autori: | |
| Médium: | Kniha |
| Jazyk: | Slovak |
| Vydavateľské údaje: |
Bratislava
1991
|
| Predmet: | |
| Tagy: |
Žiadne tagy, Buďte prvý, kto otaguje tento záznam!
|
MARC
| LEADER | 00000nam a2200000 4500 | ||
|---|---|---|---|
| 001 | c002110 | ||
| 005 | 20221214094745.3 | ||
| 041 | 0 | |a slo | |
| 044 | |a SK | ||
| 245 | 1 | 0 | |a Riadenie a ekonomika kúpeľnej organizácie Bardejov v podmienkach trhovej ekonomiky |b záverečná práca postgraduálneho štúdia |c Andrej Holovač ; Škol. Július Tomka |
| 264 | 1 | |a Bratislava |c 1991 | |
| 300 | |a 41 s. | ||
| 610 | 2 | 0 | |a riadenie podnikové |
| 610 | 2 | 0 | |a kúpele |
| 610 | 2 | 0 | |a Bardejov |
| 610 | 2 | 0 | |a hospodárstvo trhové |
| 610 | 2 | 0 | |a ČSFR |
| 610 | 2 | 0 | |a 1948-1991 |
| 610 | 2 | 0 | |a história |
| 610 | 2 | 0 | |a podnik štátny |
| 610 | 2 | 0 | |a reformy hospodárske |
| 610 | 2 | 0 | |a marketing |
| 100 | 1 | |a Holovač, Andrej | |
| 700 | 1 | |a Tomka, Július | |
| 710 | 2 | |a Vysoká škola ekonomická v Bratislave | |